000 00600nam a22002057a 4500
003 0
005 20230929145627.0
008 230929b xxu||||| |||| 00| 0 eng d
020 _a978-0-357-65647-1
050 _aPE 1408
_b.K65 2023
100 _aKolin, Philip C.
245 _aSuccesful writing at work
_cKolin, Philip C.
250 _aTwelfth edition
260 _aNew York
_bCengage
_cc2023.
300 _axxvii, 545 pages :
_bcol. ill. ;
_c28 cm.
500 _aWriting.
504 _aIncludes bibliographical references, index, and glossary.
650 _aWriting.
942 _2lcc
_cBK
999 _c365455
_d365455